000 00637nam a2200229 i 4500
001 16247
003 ES-MaACL
005 20250803000102.0
007 t|
008 000821s1999 sp ||||1| spa d
020 _a84-306-0335-2
080 _a008(460)"17"
100 1 _aSánchez-Blanco, Francisco.
_9102497
245 1 3 _aLa mentalidad ilustrada /
_cFrancisco Sánchez-Blanco.
260 _aMadrid :
_bTaurus,
_c[1999]
300 _a386 p. ;
_c22 cm.
490 1 _aPensamiento
650 1 4 _aIlustración-
_zEspaña
_913585
830 0 _aPensamiento
_9178722
852 _aES-MaACL
_jL-23488
_bR.128942
999 _c16247
_d16247